Исследование динамики разрыва горизонтального слоя жидкости с точечным нагревом со стороны подложки; Письма в Журнал технической физики; Т. 41, вып. 21
| Parent link: | Письма в Журнал технической физики.— , 1975- Т. 41, вып. 21.— 2015.— [С. 22-29] |
|---|---|
| Autor Corporativo: | |
| Outros Autores: | , , , |
| Resumo: | Заглавие с экрана Экспериментально исследовался разрыв тонких (0.3?0.7 mm), горизонталь-ных слоев жидкости (этанол) при локальном нагреве со стороны подложки,диаметр нагревателя 1.6 mm. Изучалось влияние толщины слоя жидкостии интенсивности нагрева на динамику разрыва. Визуализация и контроль слояжидкости осуществлялись с помощью шлирен- и теневого методов. Определеныосновные стадии процесса разрыва и измерена средняя скорость формированиясухого пятна, которая составляет 0.2?4 mm/s и увеличивается при увеличениикак толщины слоя, так и теплового потока. Показано, что одним из основныхфакторов, влияющих на динамику разрыва слоя жидкости и формирование су-хого пятна в области локального нагрева, помимо термокапиллярного эффекта,является испарение. |
| Idioma: | russo |
| Publicado em: |
2015
|
| Assuntos: | |
| Acesso em linha: | http://journals.ioffe.ru/pjtf/2015/21/page-22.html.ru |
| Formato: | MixedMaterials Recurso Electrónico Capítulo de Livro |
| KOHA link: | https://koha.lib.tpu.ru/cgi-bin/koha/opac-detail.pl?biblionumber=643215 |
MARC
| LEADER | 00000nla0a2200000 4500 | ||
|---|---|---|---|
| 001 | 643215 | ||
| 005 | 20250214161052.0 | ||
| 035 | |a (RuTPU)RU\TPU\network\8203 | ||
| 090 | |a 643215 | ||
| 100 | |a 20150903d2015 k||y0rusy50 ca | ||
| 101 | 0 | |a rus | |
| 102 | |a RU | ||
| 135 | |a drcn ---uucaa | ||
| 181 | 0 | |a i | |
| 182 | 0 | |a b | |
| 200 | 1 | |a Исследование динамики разрыва горизонтального слоя жидкости с точечным нагревом со стороны подложки |f Ю. В. Люлин [и др.] | |
| 203 | |a Текст |c электронный | ||
| 300 | |a Заглавие с экрана | ||
| 320 | |a [Библиогр.: с. 29 (9 назв.)] | ||
| 330 | |a Экспериментально исследовался разрыв тонких (0.3?0.7 mm), горизонталь-ных слоев жидкости (этанол) при локальном нагреве со стороны подложки,диаметр нагревателя 1.6 mm. Изучалось влияние толщины слоя жидкостии интенсивности нагрева на динамику разрыва. Визуализация и контроль слояжидкости осуществлялись с помощью шлирен- и теневого методов. Определеныосновные стадии процесса разрыва и измерена средняя скорость формированиясухого пятна, которая составляет 0.2?4 mm/s и увеличивается при увеличениикак толщины слоя, так и теплового потока. Показано, что одним из основныхфакторов, влияющих на динамику разрыва слоя жидкости и формирование су-хого пятна в области локального нагрева, помимо термокапиллярного эффекта,является испарение. | ||
| 461 | |t Письма в Журнал технической физики |d 1975- | ||
| 463 | |t Т. 41, вып. 21 |v [С. 22-29] |d 2015 | ||
| 610 | 1 | |a электронный ресурс | |
| 610 | 1 | |a труды учёных ТПУ | |
| 610 | 1 | |a жидкости | |
| 610 | 1 | |a горизонтальные слои | |
| 610 | 1 | |a точечный нагрев | |
| 610 | 1 | |a разрывы | |
| 610 | 1 | |a тонкие слои | |
| 701 | 1 | |a Люлин |b Ю. В. |g Юрий Вячеславович | |
| 701 | 1 | |a Спесивцев |b С. Е. | |
| 701 | 1 | |a Марчук |b И. В. |g Игорь Владимирович | |
| 701 | 1 | |a Кабов |b О. А. |c специалист в области теплотехники |c профессор Томского политехнического университета, доктор физико-математических наук |f 1956- |g Олег Александрович |3 (RuTPU)RU\TPU\pers\35058 | |
| 712 | 0 | 2 | |a Национальный исследовательский Томский политехнический университет (ТПУ) |b Энергетический институт (ЭНИН) |b Кафедра теоретической и промышленной теплотехники (ТПТ) |3 (RuTPU)RU\TPU\col\18679 |
| 801 | 2 | |a RU |b 63413507 |c 20150903 |g RCR | |
| 856 | 4 | |u http://journals.ioffe.ru/pjtf/2015/21/page-22.html.ru | |
| 942 | |c CF | ||